| 000 | 00000nam##2200000za#4500 |
| 001 | 9.650379 |
| 003 | CaOODSP |
| 005 | 20250107094312 |
| 007 | ta |
| 008 | 150407|2007||||xxc||||| f|0| 0 eng|d |
| 020 | |a0-662-44360-8 |
| 040 | |aCaOODSP|beng |
| 043 | |an-cn--- |
| 086 | 1 |aR64-105/11-2006E |
| 110 | 2 |aParks Canada. |
| 245 | 10|aFort Lennox National Historic Site of Canada : |bmanagement plan / |cWestern Quebec Field Unit. |
| 260 | |aQuébec - Quebec : |bParks Canada |cOctober 2007. |
| 300 | |a61p. : |bcoloured figs., coloured maps, folded map, references, tables, photographs ; |c28 cm. |
| 520 | 3 |aThis management plan is a strategic guide for the future management and conservation of this national historic site. It provides a strategy that follows legislative and policy requirements while addressing local issues and circumstances. The plan includes information about the site’s history and value as a cultural resource; its operating environment and programming; strategies for retaining its integrity; future plans; and an environmental assessment summary. |
| 563 | |aSoftcover |
| 590 | |a08-02|b2008-01-11 |
| 690 | 07|aHistoric sites|2gcpds |
| 775 | 08|tLieu historique national du Canada du Fort-Lennox : |w(CaOODSP)9.683493 |
| 776 | 0#|tFort Lennox National Historic Site of Canada management plan.|w(CaOODSP)9.946560 |